000 01100nam a2200289 a 4500
001 000035629
005 20250611121345.0
008 111107s1963 ag 000 0 spa d
040 _aDO-SdBNP
_bspa
_cBNPHU
082 _a301
_bT776s
240 0 0 _aTraité de sociologie
_lEspañol
245 0 0 _aTratado de sociologia /
_cdirigido por Georges Gurvitch ; traducción de María C. Eguibar.
260 _aBuenos Aires :
_bKapelusz,
_c1963.
300 _av. ;
_c23 cm.
490 1 _aUniversitaria
490 1 _aFilosofía y Ciencias Sociales
500 _aTítulo origianl en francés.
500 _aLa Biblioteca posee el volumne 2
505 0 _gv.2
_tSociología política --
_tSociología de las obras de civilización --
_tPsicología colectiva y psicología social --
_tSociología y etnología.
650 0 _aSociología
_91061
650 0 _aPsicología social
_91574
700 1 _aEguibar, María C.
_etr.
_961542
700 1 _aGurvitch, Georges
_961543
830 1 _aUniversitaria
_961544
830 0 _aFilosofía y Ciencias Sociales
_961545
910 _aValidado. Control de calidad BNPHU
999 _c35120
_d35120